000 00850cab a2200253 4500
001 WB3448-11
008 090401t1998 xxu||||| |||| 00| 0 eng d
035 _a(Sirsi) u90333
041 _aeng
245 _aGoing commercial
260 _c1998
350 _a0
490 _aIndependent on Sunday
_v13 December 1998, 2.19(1)
520 _aInvesting in commercial property is a good option during an economic slowdown. A recent survey by Richard Ellis showed that property has been the best performer in 11 of the last 29 years.
650 _aINVESTMENT PROPERTY
650 _aPROPERTY INVESTMENT
650 _aPROPERTY PORTFOLIOS
650 _aPROPERTY UNIT TRUSTS
650 _aRECESSION
650 _aSHARES
690 _aPROPERTY-COMMERCIAL PROPERTY-COMMERCIAL PROPERTY FINANCE AND INVESTMENT
942 _n0
948 _c16/12/1998
999 _c57265
_d57265